Finnish Words Quiz - Statistics

General Stats
  • This quiz has been taken 51 times
    25 since last reset
  • The average score is 15 of 20
Answer Stats
Hint Answer % Correct
Mother Äiti
100%
Brain Aivot
100%
Profession Ammatti
100%
Help (noun) Apu
100%
Sun Aurinko
100%
Car Auto
100%
Life Elämä
100%
Movie Elokuva
100%
Uncle (Mother's side) Eno
100%
Gray Harmaa
100%
Fruit Hedelmä
100%
Skiing Hiihto
100%
Mouse Hiiri
100%
Window Ikkuna
100%
Evening Ilta
100%
Afternoon Iltapäivä
100%
Father Isä
100%
Leg Jalka
100%
Thirst Jano
100%
Train Juna
100%
Handle (noun) Kahva
100%
Fish Kala
100%
Bear Karhu
100%
Hand Käsi
100%
Beautiful Kaunis
100%
City Kaupunki
100%
City Kaupunki
100%
Kitchen Keittiö
100%
Shoe Kenkä
100%
Summer Kesä
100%
Spring (Season) Kevät
100%
Tongue Kieli
100%
Guitar Kitara
100%
Dog Koira
100%
Ear Korva
100%
Queen Kuningatar
100%
Death Kuolema
100%
Moon Kuu
100%
Hot Kuuma
100%
Cube Kuutio
100%
Pencil Kynä
100%
Pond Lampi
100%
Charger Laturi
100%
Singer Laulaja
100%
Bird Lintu
100%
Snow Lumi
100%
Snowboard Lumilauta
100%
Spoon Lusikka
100%
Berry Marja
100%
Sea Meri
100%
Sign (eg. sign from God) Merkki
100%
Metal Metalli
100%
Forest Metsä
100%
Mind Mieli
100%
Music Musiikki
100%
Black Musta
100%
Hunger Nälkä
100%
Nose Nenä
100%
Mammal Nisäkäs
100%
Shoulder Olkapää
100%
Problem Ongelma
100%
Luck Onni
100%
Orange Oranssi
100%
Weird Outo
100%
Door Ovi
100%
Head Pää
100%
Jigsaw puzzle Palapeli
100%
Salary Palkka
100%
Ball Pallo
100%
Mirror Peili
100%
Game Peli
100%
Reindeer Poro
100%
Mail Posti
100%
Speech Puhe
100%
Suit Puku
100%
Red Punainen
100%
Money Raha
100%
Tram Raitiovaunu
100%
Love Rakkaus
100%
Restaurant Ravintola
100%
Hole Reikä
100%
Food Ruoka
100%
Rain Sade
100%
Word Sana
100%
Uncle (Father's side) Setä
100%
Pig Sika
100%
Eye Silmä
100%
Blue Sininen
100%
Skis Sukset
100%
Heart Sydän
100%
White Valkoinen
100%
Light Valo
100%
Water Vesi
100%
Green Vihreä
100%
Mountain Vuori
100%
Night
100%
Bag Pussi
83%
Wood Puu
83%
Camera Kamera
80%
Hip Lantio
75%
Wet Märkä
75%
Cold Kylmä
67%
Device Laite
67%
Leaf Lehti
67%
Day Päivä
67%
Prince Prinssi
67%
Umbrella Sateenvarjo
67%
Large Suuri
67%
Jacket Takki
67%
Connection Yhteys
67%
Circle Ympyrä
67%
Time Aika
50%
Bus Bussi
50%
Wire Johto
50%
Fabric Kangas
50%
Candy Karkki
50%
Yellow Keltainen
50%
Machine Kone
50%
Flower Kukka
50%
Candle Kynttilä
50%
Ship Laiva
50%
Glass Lasi
50%
Hill Mäki
50%
Director Ohjaaja
50%
Shirt Paita
50%
Cloud Pilvi
50%
Knee Polvi
50%
Princess Prinsessa
50%
Blind Sokea
50%
Sky Taivas
50%
Winter Talvi
50%
Computer Tietokone
50%
Shadow Varjo
50%
Fork Haarukka
33%
God Jumala
33%
Planet Planeetta
33%
Government Hallitus
0%
Glove Hanska
0%
Hat Hattu
0%
Moose Hirvi
0%
Hair Hiukset
0%
Pants Housut
0%
Lips Huulet
0%
Lake Järvi
0%
Chicken Kana
0%
Map Kartta
0%
Roof Katto
0%
Neck Kaula
0%
Lungs Keuhkot
0%
Cat Kissa
0%
Card Kortti
0%
Moist Kostea
0%
Corner Kulma
0%
Rubber Kumi
0%
King Kuningas
0%
Shell Kuori
0%
Deaf Kuuro
0%
Sign (with text) Kyltti
0%
Warm Lämmin
0%
String Lanka
0%
Floor Lattia
0%
Cow Lehmä
0%
Airplane Lentokone
0%
Disc Levy
0%
Dirt Multa
0%
Plastic Muovi
0%
Button Nappi
0%
Actor Näyttelijä
0%
Needle Neula
0%
Gravity Painovoima
0%
Clown Pelle
0%
Small Pieni
0%
Bottle Pullo
0%
Building Rakennus
0%
Rocket Raketti
0%
Sleet Räntä
0%
Brown Ruskea
0%
Sick Sairas
0%
Lightning Salama
0%
Wall Seinä
0%
Mushroom Sieni
0%
Sister Sisko
0%
Finger Sormi
0%
Sock Sukka
0%
Mouth Suu
0%
Autumn Syksy
0%
Aunt Täti
0%
Illness Tauti
0%
Healthy Terve
0%
Fire Tuli
0%
Work Työ
0%
Ocean Valtameri
0%
Colour Väri
0%
Brother Veli
0%
Community Yhteisö
0%
Band Yhtye
0%
No matching quizzes found
Score Distribution
Percent of People with Each Score
Percentile by Number Answered
Your Score History
You have not taken this quiz since the last reset